Score 0/28 Timer 04:00
0 Plays Today
False Start Movie Title % Correct
Pie LardDie Hard
92.7%
Cop NunTop Gun
90.6%
Sad ToysBad Boys
90.2%
Tush TourRush Hour
80.8%
Meter ManPeter Pan
79.6%
Roach GarterCoach Carter
79.1%
Joint FreakPoint Break
78.6%
Sigh SoonHigh Noon
76.8%
Potting DillNotting Hill
76.2%
Balling GownFalling Down
75%
Prom BellFrom Hell
71.6%
Creaking SwayBreaking Away
69.7%
Dr. TomMr. Mom
68.6%
Mom BonesTom Jones
66.5%
False Start Movie Title % Correct
Norse LeathersHorse Feathers
64.3%
Pig DishBig Fish
63.7%
Weeping MomPeeping Tom
59.4%
Bad SaxMad Max
58.8%
Gas TootDas Boot
58.5%
Hate FightDate Night
54%
Eat MaceRat Race
53.9%
Vain IanRain Man
52.2%
Rue FateDue Date
47.7%
Lead SingersDead Ringers
46.5%
East JiveFast Five
45.8%
Fed LiverRed River
44.2%
Chip AtWhip It
43.5%
Sing SongKing Kong
42.1%
Remove Ads.
Support Sporcle.
Get the best of Sporcle when you Go Orange. This ad-free experience offers more features, more stats, and more fun while also helping to support Sporcle. Thank you for becoming a member.

You're not logged in!

Compare scores with friends on all Sporcle quizzes.
OR
Log In

Show Comments

Extras

Top Quizzes Today


Score Distribution

Your Account Isn't Verified!

In order to create a playlist on Sporcle, you need to verify the email address you used during registration. Go to your Sporcle Settings to finish the process.

Report this User

Report this user for behavior that violates our Community Guidelines.

Details: